Datum a čas kvízu
25.5
Celkem bodů
Celkový počet nahraných bodů na tomto kvízu bez doplňovacích otázek.
5.
Pořadí na kvízu
Konečné umístění týmu na tomto kvízu.
Zaznamenané odpovědi
| # | Otázka | Odpověď | Body | Výsledky |
|---|---|---|---|---|
| 1. | Jak se nazývá státní vyznamená... | Řád Tomáše Garrigua Masaryka (1. třídy) | 0 | |
| 2. | O víkendu se v Rusku konaly pr... | Poledne proti Putinovi | 0 | |
| 3. | 14. března vstoupil do českých... | Monty Python a Svatý Grál | 1 | |
| 4. | Některé provozovny jistého řet... | McDonald's | 0 | |
| 5. | Ke kuriózní situaci došlo v zá... | Arsenal, Chelsea | 1 | |
| 6. | Téma začneme v Evropě. Seřaďte... | 1C 2D 3B 4A | 1 | |
| 7. | V čele kterého ostrovního stát... | Kuba | 0 | |
| 8. | Které z těchto zvířat nežije p... | C | 1 | |
| 9. | Celkově kolikátou nejlidnatějš... | 4. nejlidnatější | 0 | |
| 10. | Jak se jmenuje ostrovní stát,... | Papua Nová Guinea | 1 |